Catálogo público

Modeling crop photosynthesis from biochemistry to canopy (Record no. 10063)

MARC details
000 -CABECERA
campo de control de longitud fija 01216nam a22003497a 4500
003 - IDENTIFICADOR DEL NÚMERO DE CONTROL
campo de control CHAP
005 - FECHA Y HORA DE LA ÚLTIMA TRANSACCIÓN
campo de control 20220817041254.0
008 - DATOS DE LONGITUD FIJA--INFORMACIÓN GENERAL
campo de control de longitud fija 971013s1991 r 00010 d
010 ## - NÚMERO DE CONTROL DE LA BIBLIOTECA DEL CONGRESO
Número de control de LC 10063
011 ## - ENLACE DEL NUMERO DE CONTROL DE LA BIBLIOTECA DEL CONGRESO [OBSOLETO]
Número de control de LC 11035
035 ## - NÚMERO DE CONTROL DEL SISTEMA
Número de control de sistema 10273
040 ## - FUENTE DE LA CATALOGACIÓN
Centro/agencia transcriptor CHAP
082 ## - NÚMERO DE LA CLASIFICACIÓN DECIMAL DEWEY
Número de clasificación 581.13342
Número de documento/Ítem B6
100 00 - ENTRADA PRINCIPAL--NOMBRE DE PERSONA
Nombre de persona Boote. K. J.
Término indicativo de función/relación ed
9 (RLIN) 13799
245 ## - MENCIÓN DE TÍTULO
Título Modeling crop photosynthesis from biochemistry to canopy
260 ## - PUBLICACIÓN, DISTRIBUCIÓN, ETC.
Lugar de publicación, distribución, etc. Madison, Wis. :
Nombre del editor, distribuidor, etc. Crop Science Society of America,
Fecha de publicación, distribución, etc. 1991
300 ## - DESCRIPCIÓN FÍSICA
Extensión 140 p.
Otras características físicas ; gráfs
490 ## - MENCIÓN DE SERIE
Mención de serie CSSA Special publication
Designación de volumen o secuencia ; 19
590 ## - NOTA LOCAL (RLIN)
Nota local BATCH-UPD
Procedencia (VM) [OBSOLETO] 10
Condición del los carretes individuales (VM) [OBSOLETO] 20130110
-- UCH01
-- 1647
590 ## - NOTA LOCAL (RLIN)
Nota local BATCH-UPD
Procedencia (VM) [OBSOLETO] 10
Condición del los carretes individuales (VM) [OBSOLETO] 20130410
-- UCH01
-- 1037
590 ## - NOTA LOCAL (RLIN)
Nota local BATCH-UPD
Procedencia (VM) [OBSOLETO] 10
Condición del los carretes individuales (VM) [OBSOLETO] 20130914
-- UCH01
-- 1107
590 ## - NOTA LOCAL (RLIN)
Nota local CONVERSION
Procedencia (VM) [OBSOLETO] 10
Condición del los carretes individuales (VM) [OBSOLETO] 20130109
-- UCH01
-- 1306
650 14 - PUNTO DE ACCESO ADICIONAL DE MATERIA--TÉRMINO DE MATERIA
Término de materia o nombre geográfico como elemento de entrada Fisiología vegetal.
9 (RLIN) 41136
650 14 - PUNTO DE ACCESO ADICIONAL DE MATERIA--TÉRMINO DE MATERIA
Término de materia o nombre geográfico como elemento de entrada Fotosíntesis.
9 (RLIN) 42737
650 14 - PUNTO DE ACCESO ADICIONAL DE MATERIA--TÉRMINO DE MATERIA
Término de materia o nombre geográfico como elemento de entrada Fotosíntesis
Subdivisión general Modelos matemáticos.
9 (RLIN) 42740
700 0# - PUNTO DE ACCESO ADICIONAL--NOMBRE DE PERSONA
Nombre de persona Loomis, R. S.
Término indicativo de función/relación ed
9 (RLIN) 67620
830 0# - PUNTO DE ACCESO ADICIONAL DE SERIE-TÍTULO UNIFORME
Título uniforme CSSA Special publication
Designación de volumen o secuencia ; 19
901 ## - ELEMENTOS DE DATOS A LOCAL LDA (RLIN)
a BK
942 ## - ELEMENTOS DE PUNTO DE ACCESO ADICIONAL (KOHA)
Tipo de ítem Koha Libro
949 ## - PROCESAMIENTO DE INFORMACIÓN LOCAL (OCLC)
a 581.13342 B6
b BC
c LIBRO
d 33724000512356
e LIBRO
g I.c/e
h 85278
i 10273
s i
t 92.73
949 ## - PROCESAMIENTO DE INFORMACIÓN LOCAL (OCLC)
a 581.13342 B6
b BC
c LIBRO
d 33724000961553
e LIBRO
f c.2
g I.c/e
h 106917
i 10273
s i
t $154.00
Holdings
Estado de retiro Estado de pérdida Fuente del sistema de clasificación o colocación Estado dañado Restricciones de uso No para préstamo Código de colección Localización permanente Ubicación/localización actual Ubicación en estantería Fecha de adquisición Fuente de adquisición Información codificada de la localización en otra ubicación Total de préstamos Signatura topográfica completa Código de barras Fecha visto por última vez Precio válido a partir de Tipo de ítem Koha Número de copia
    Dewey Decimal Classification   Préstamo 15 días   General Biblioteca Central Biblioteca Central Planta alta - Colección General 31/12/2019 I.c/e LIBRO   581.13342 B6 33724000512356 31/12/2019 31/12/2019 Libro  
    Dewey Decimal Classification   Préstamo 15 días   General Biblioteca Central Biblioteca Central Planta alta - Colección General 31/12/2019 I.c/e LIBRO   581.13342 B6 33724000961553 31/12/2019 31/12/2019 Libro c.2